书目信息 |
| 题名: |
台湾党外运动
|
|
| 作者: | 李达 编著 | |
| 分册: | 第一辑 | |
| 出版信息: | 香港 广角镜出版社有限公司 1987.08 |
|
| 页数: | 223页 | |
| 开本: | 19cm | |
| 丛书名: | ||
| 单 册: | ||
| 中图分类: | D675.8 | |
| 科图分类: | ||
| 主题词: | 政治--中国 | |
| 电子资源: | ||
| ISBN: | 962-226-112-4 | |
| 000 | 00558nam0 2200193 45 | |
| 001 | 0503150872 | |
| 005 | 20050315091043.3 | |
| 010 | @a962-226-112-4@dCNY16.20 | |
| 100 | @a20050315d1987 km y0chiy0120 ea | |
| 101 | 0 | @achi |
| 105 | @a z 000yy | |
| 200 | 1 | @a台湾党外运动@ATai Wan Dang Wai Yun Dong@h第一辑@f李达编著@FLi Da Bian Zhu |
| 210 | @a香港@c广角镜出版社有限公司@d1987.08 | |
| 215 | @a223页@c照片@d19cm | |
| 606 | 0 | @a政治@x中国 |
| 690 | @aD675.8@v3 | |
| 701 | 0 | @a李达@4编著 |
| 801 | @aCN@bPftUser@c20050315 | |
| 905 | @f3@b260027-029@dD675.8@e1:1 | |
| 台湾党外运动.第一辑/李达编著.-香港:广角镜出版社有限公司,1987.08 |
| 223页:照片;19cm |
| ISBN 962-226-112-4:CNY16.20 |
| ● |
| 相关链接 |
|
|
|
|
正题名:台湾党外运动
索取号:D675.8/1:1
 
预约/预借
| 序号 | 登录号 | 条形码 | 馆藏地/架位号 | 状态 | 备注 |
| 1 | 0204670 | 001976151 | 第一样本阅览室/ [索取号:D675.8/1:1] | 在馆 | |
| 2 | 0260027 | 001978248 | 第一借阅区/ [索取号:D675.8/1:1] | 在馆 | |
| 3 | 0260028 | 001976357 | 第一借阅区/ [索取号:D675.8/1:1] | 在馆 | |
| 4 | 0260029 | 001975367 | 第一借阅区/ [索取号:D675.8/1:1] | 在馆 |